000 00335nam a2200097Ia 4500
008 220120s9999||||xx |||||||||||||| ||und||
100 _aAnju and others
_912591
245 0 _aPower optimization of random sequence generator using clock
260 _aCoorg Institute of Technology
_bPonnampet
_c2016
650 _aELECTRONICS AND COMMUNICATIONS
999 _c138189
_d138189